000
00260nam a2200109Ia 4500
008
220204s9999 xx 000 0 und d
082
_a
678.028NOV
_b
VUL
245
0
_a
Vulcanization with Novor 924
650
_a
Novor 924
650
_a
Vulcanization
942
_c
BK
999
_c
40104
_d
40104